Random Facts Quiz - Statistics

General Stats
  • This quiz has been taken 72 times
  • The average score is 5 of 13
Answer Stats
Question Answer % Correct
How many legs does an insect have? 6
91%
Which country had a referendum in 2014 to decide whether to leave the UK or not? Scotland
80%
What is the world's oldest lake, as well as the deepest? Lake Baikal
48%
Which FIFA World Cup winning nation has the smallest population? Uruguay
41%
What city is associated with the Scouse accent? Liverpool
38%
Correctly spell the full name of DNA Deoxyribonucleic acid
33%
What is the capital city of Laos? Vientiane
29%
Which actor plays the leading role (along with Nick Frost) in the films 'Hot Fuzz' and 'Shaun of the Dead'? Simon Pegg
26%
What is the only city in the UK with a name starting with the letter T Truro
20%
Which county is this city in?^ Cornwall
17%
Which TV series has the characters Michael Scofield and Theodore Bagwell? Prison Break
17%
What nickname is given to Finnish sniper Simo Hayha, the most deadly sniper of all time? White Death
15%
Which band had hits named 'Miss Alissa' and 'Wannabe in L.A' Eagles of Death Metal
3%
No matching quizzes found
Score Distribution
Percent of People with Each Score
Percentile by Number Answered
Your Score History
You have not taken this quiz